Countries that begin with A - Statistics

General Stats
  • This quiz has been taken 42 times
  • The average score is 9 of 11
Answer Stats
Answer % Correct
Antigua and Barbuda
94%
Argentina
91%
Afghanistan
84%
Andorra
81%
Angola
81%
Armenia
81%
Australia
81%
Albania
81%
Austria
78%
Algeria
75%
Azerbaijan
72%
No matching quizzes found
Score Distribution
Percent of People with Each Score
Percentile by Number Answered
Your Score History
You have not taken this quiz